000 00208 a2200097 4500
001 2598
100 _aIrving, D
245 _aThe Memoirs of Field Mar
260 _a
_bLivillian Kimber
_c
090 _c1895
_d1895
942 _aNUST-CAE
_cM
_c9946
999 _c237671
_d237671